000 00375cam a22001337a 4500
999 _c507820
_d507820
008 180718b1960 xxu||||| |||| 00| 0 eng d
082 _aL1x5411 As72/1973-74
100 _aAssam. Finance Department
_92578
245 _aBudget, Assam, 1973-74
_cby Finance Department
260 _aShillong
_bGovernment Press
_c1974
300 _av.p.
650 _aBudget
_92579
942 _2ddc